Coherent states in quantum physics (Record no. 46299)
[ view plain ]
| 000 -LEADER | |
|---|---|
| fixed length control field | 01314nam a2200301Ia 4500 |
| 100 1# - MAIN ENTRY--AUTHOR NAME | |
| Personal name | Gazeau, Jean-Pierre. |
| 245 10 - TITLE STATEMENT | |
| Title | Coherent states in quantum physics |
| 260 ## - PUBLICATION, DISTRIBUTION, ETC. (IMPRINT) | |
| Place of publication | Weinheim : |
| Name of publisher | Wiley-VCH, |
| Year of publication | 2009. |
| 300 ## - PHYSICAL DESCRIPTION | |
| Number of Pages | xiv, 344 p. : |
| Other physical details | ill. |
| 500 ## - GENERAL NOTE | |
| General note | "Originates from a series of advanced lectures on coherent states in physics, delivered in Strasbourg, Louvain-la-Neuve, Paris, Rio de Janeiro, Rabat, and Bialystok, over the period from 1997 to 2008"--Pref. |
| 650 #0 - SUBJECT ADDED ENTRY--TOPICAL TERM | |
| Topical Term | Coherent states. |
| Topical Term | Quantum theory. |
| 856 40 - ELECTRONIC LOCATION AND ACCESS | |
| Uniform Resource Identifier | http://site.ebrary.com/lib/rucke/Doc?id=10341789 |
No items available.
